000100923 001__ 100923 000100923 005__ 20210323085015.0 000100923 037__ $$aTAZ-TFG-2021-265 000100923 041__ $$aspa 000100923 1001_ $$aHuerta Quirante, Alfonso 000100923 24200 $$aCurrent financual product: Pension plans 000100923 24500 $$aProductos financieros en la actualidad: Planes de pensiones 000100923 260__ $$aZaragoza$$bUniversidad de Zaragoza$$c2021 000100923 506__ $$aby-nc-sa$$bCreative Commons$$c3.0$$uhttp://creativecommons.org/licenses/by-nc-sa/3.0/ 000100923 520__ $$aExplicación, funcionamiento, tipología e integrantes de los planes de pensiones. Reformas que entran en vigor a partir de la presentación de la declaración de la renta de 2021.<br /><br /> 000100923 521__ $$aGraduado en Administración y Dirección de Empresas 000100923 540__ $$aDerechos regulados por licencia Creative Commons 000100923 700__ $$aGimeno Díaz, Carlos$$edir. 000100923 7102_ $$aUniversidad de Zaragoza$$b $$c 000100923 8560_ $$f720863@unizar.es 000100923 8564_ $$s2731162$$uhttps://zaguan.unizar.es/record/100923/files/TAZ-TFG-2021-265_ANE.pdf$$yAnexos (spa) 000100923 8564_ $$s3631749$$uhttps://zaguan.unizar.es/record/100923/files/TAZ-TFG-2021-265.pdf$$yMemoria (spa) 000100923 909CO $$ooai:zaguan.unizar.es:100923$$pdriver$$ptrabajos-fin-grado 000100923 950__ $$a 000100923 951__ $$adeposita:2021-03-23 000100923 980__ $$aTAZ$$bTFG$$cECON 000100923 999__ $$a20210217183819.CREATION_DATE